Atomic processes and applications : in honour of David R. Bates' 60th birthday /

Bibliographic Details
Other Authors: Bates, David R. (David Robert), 1916-1994, Burke, P. G., Moiseiwitsch, B. L. (Benjamin Lawrence)
Format: Book
Language:English
Subjects:

MARC

Tag First Indicator Second Indicator Subfields
LEADER 00000pam a2200000 i 4500
001 in00000336305
005 20191109063240.0
008 760319s1976 ne a b 00100beng
010 |a  76008389  
020 |a 0720404444 
035 |a (OCoLC)02121425 
035 |9 ABM2130AM 
040 |a DLC  |c DLC  |d TXA  |d UtOrBLW 
043 |a e-ie--- 
049 |a TXAM  |c [1394984] 
050 0 0 |a QC794.6.C6  |b A84 
082 0 |a 539.7/54 
245 0 0 |a Atomic processes and applications :  |b in honour of David R. Bates' 60th birthday /  |c edited by P. G. Burke and B. L. Moiseiwitsch. 
264 2 |a Amsterdam ;  |a New York :  |b North-Holland Pub. Co. : sole distributors for the U.S.A. and Canada, Elsevier/North-Holland,  |c 1976. 
300 |a x, 533 pages :  |b illustrations ;  |c 23 cm. 
336 |a text  |b txt  |2 rdacontent 
337 |a unmediated  |b n  |2 rdamedia 
338 |a volume  |b nc  |2 rdacarrier 
504 |a Includes bibliographies and index. 
505 0 |a Massey, H. S. W. D. R. Bates - A sixtieth birthday tribute.--Nicolet, M. A brief overview of stratospheric aeronomy.--Walker, J. C. G. The upper atmosphere of the earth.--McElroy, M. B. Man's impact on the global environment--Dalgarno, A. The interstellar molecules CH and CH+--Seaton, M. J. and Storey, P. J. Di-electronic recombination.--Burke, P. G. Photoionization of atomic systems.--Stewart, A. L. Atomic structure and oscillator strengths.--Moiseiwitsch, B. L. Negative ions.--Percival, I. C. Atomic scattering computations.--McDowell, M. R. C. Electron scattering by atoms.--Flannery, M. R. Ionic recombination.--McCarroll, R. Low energy heavy particle collisions.--Bell, K. L. and Kingston, A. E. High-energy atom-atom collisions. 
600 1 0 |a Bates, David R.  |q (David Robert),  |d 1916-1994. 
650 0 |a Collisions (Nuclear physics) 
650 0 |a Scattering (Physics) 
650 0 |a Upper atmosphere. 
700 1 |a Bates, David R.  |q (David Robert),  |d 1916-1994. 
700 1 |a Burke, P. G. 
700 1 |a Moiseiwitsch, B. L.  |q (Benjamin Lawrence) 
999 |a MARS 
999 f f |s 663b9dd4-7400-3176-a41c-fa9d0563daaa  |i 928ebfc4-634e-3a74-9025-aa192669532b  |t 0 
952 f f |p normal  |a Texas A&M University  |b College Station  |c Sterling C. Evans Library  |d Evans: Library Stacks  |t 0  |e QC794.6.C6 A84  |h Library of Congress classification  |i unmediated -- volume  |m A14804653705 
998 f f |a QC794.6.C6 A84  |t 0  |l Evans: Library Stacks